Los oficios medievales: tecnología, producción, trabajo

Guardat en:
Dades bibliogràfiques
Autor principal: Córdoba de la Llave, Ricardo (Autor)
Format: Llibre
Idioma:espanyol
Publicat: Madrid Síntesis S. A 2017
Edició:1a. ed
Col·lecció:Temas de Historia Medieval
Matèries:
Etiquetes: Afegir etiqueta
Sense etiquetes, Sigues el primer a etiquetar aquest registre!

MARC

LEADER 00000cam a2200000 a 4500
001 UCC7032
003 CL-VaPUC
008 190125e20170000sp |||||||||||||||||spa|d
020 |a 9788490774731 
082 0 4 |a 940.17  |b COR  |2 21 
100 0 |a Córdoba de la Llave, Ricardo  |e author  |9 601585 
245 1 4 |a Los oficios medievales: tecnología, producción, trabajo 
250 |a 1a. ed 
300 |a 256 p 
942 |c BK 
945 |d 20190125 15:54:00  |a dcastane 
260 |a Madrid  |b Síntesis S. A  |c 2017 
650 0 |a Historia medieval   |9 258042 
650 0 |a Oficios  |9 370802 
650 0 |a Artesanos  |9 269213 
583 |a last modification  |c 20190125 15:54:00  |k Rodrigo Vera 
490 0 |a Temas de Historia Medieval 
999 |c 373830  |d 373828 
952 |0 0  |1 0  |3 erb  |4 0  |6 940_170000000000000_COR_2017  |7 0  |8 A  |9 492072  |a BIBARQ  |b BIBARQ  |i 5533104  |l 1  |o 940.17 COR 2017  |p 5533104  |r 2025-01-20  |s 2023-12-19  |w 2019-11-24  |y BK  |z Catalogado en:20190125  |k ARQ